Hiadayat-Ut-taqawa (Record no. 4210)

MARC details
000 -LEADER
fixed length control field 00540nam a2200229 a 4500
020 ## - INTERNATIONAL STANDARD BOOK NUMBER
ISBN
082 00 - DEWEY DECIMAL CLASSIFICATION NUMBER
Classification number 297.831
Author Cutter MAH4
100 ## - MAIN ENTRY--AUTHOR NAME
Author name Mahmood, Abu Syead
245 ## - TITLE STATEMENT
Title Hiadayat-Ut-taqawa
260 ## - PUBLICATION, DISTRIBUTION, ETC. (IMPRINT)
Place of publication Hyderabad
Name of publisher No Publisher
Year of publication 1965
300 ## - PHYSICAL DESCRIPTION
Number of Pages 37p
500 ## - GENERAL NOTE
General note includes index and biblioraphy
650 ## - SUBJECT ADDED ENTRY--TOPICAL TERM
Topical Term Mahdavia
942 ## - ADDED ENTRY ELEMENTS (KOHA)
Koha item type Books
700 1# -
-- Mahmood, Abu Syead
Holdings
Collection code Home library Current library Date acquired Cost, normal purchase price Full call number Accession Number Koha item type
  Henry Martyn Institute Library Henry Martyn Institute Library 06/29/2007 100.00 297.831 MAH4 06646 Books
                   Copyright © 2026 | Henry Martyn Institute | Hyderabad | TS-500052 | INDIA | Implemented by hmi.edu.in
Hit-Count:

Powered by Koha